000 00486 a2200133 4500
001 ART_60918
005 20260410162055.0
008 260409a
245 1 0 _aLa actividad ganadera de cría: las complejidades de la NUA y el proyecto N° 52 de la resolución técnica. Un caso práctico
100 1 _aTonelli, Omar E.
700 1 _aSimaro, Jorge D.
700 1 _aMartinefski, María Inés
773 0 _tConsultor agropecuario
_g- Nº 67 (jun./jul. 2024)
_wREV56842
999 _c36172
_d36172